[Event "59th NED-ch"]
[Site "Leeuwarden NED"]
[Date "2003.06.26"]
[Round "1"]
[White "Delemarre, Jop"]
[Black "l`Ami, Erwin"]
[Result "1/2-1/2"]
[WhiteElo "2426"]
[BlackElo "2344"]
[EventDate "2003.06.26"]
[PlyCount "91"]

1.d4 d5 2.Nf3 Nf6 3.c4 c6 4.e3 g6 5.Nc3 Bg7 6.Bd3 O-O 7.O-O Bg4 8.h3 Bxf3 
9.Qxf3 e6 10.Rd1 Nbd7 11.Qe2 Re8 12.Bd2 Rc8 13.Be1 a6 14.Rac1 Qe7 15.a3 e5
16.cxd5 cxd5 17.Bb1 b5 18.a4 b4 19.Na2 a5 20.Rxc8 Rxc8 21.Qa6 Qd8 22.Nc1 
exd4 23.exd4 Ra8 24.Qb5 Rb8 25.Qa6 Ra8 26.Qb5 Nf8 27.Nb3 Ne6 28.Nc5 Nf4 
29.Bd3 Nxd3 30.Qxd3 Nd7 31.Nxd7 Qxd7 32.b3 Rc8 33.Qa6 Qd8 34.Bd2 h6 35.Be3
Kh7 36.Qb7 Qc7 37.Qxd5 Rd8 38.Qc4 Qxc4 39.bxc4 b3 40.c5 b2 41.Rb1 Bxd4 42.
Bxd4 Rxd4 43.Rxb2 Rxa4 44.Rc2 Rb4 45.Kf1 Kg7 46.Ke2 1/2-1/2

[Event "59th NED-ch"]
[Site "Leeuwarden NED"]
[Date "2003.06.26"]
[Round "1"]
[White "Ernst, Sipke"]
[Black "Van Wely, Loek"]
[Result "1/2-1/2"]
[WhiteElo "2099"]
[BlackElo "2714"]
[EventDate "2003.06.26"]
[PlyCount "101"]

1.d4 Nf6 2.c4 e6 3.Nc3 Bb4 4.Qc2 O-O 5.a3 Bxc3+ 6.Qxc3 b6 7.Bg5 Bb7 8.f3 
h6 9.Bh4 c5 10.dxc5 bxc5 11.Nh3 Nc6 12.Nf2 Ne4 13.Bxd8 Nxc3 14.Bc7 Rfc8 
15.Bg3 Nd4 16.Rc1 Na4 17.Nd3 Ba6 18.e3 Nb3 19.Rc2 f6 20.Be2 Rc6 21.O-O Kf7
22.Rd1 Ke7 23.Kf1 Rb6 24.Be1 Rab8 25.g4 d6 26.h4 g5 27.hxg5 hxg5 28.Nf2 
Bb7 29.Nh1 Rh8 30.Kg2 Bc6 31.Bg3 Be8 32.Nf2 Bg6 33.Bd3 Bxd3 34.Rxd3 e5 35.
Ne4 Rhb8 36.Kg1 Na1 37.Rh2 Nxb2 38.Rh7+ Kd8 39.Rh8+ Ke7 40.Rh7+ Kd8 41.
Rxd6+ Rxd6 42.Nxd6 Rb6 43.Nb7+ Ke8 44.Nxc5 Nxc4 45.Rxa7 Nxe3 46.Ne4 Nd5 
47.Bf2 Rc6 48.a4 Nb3 49.a5 Nd4 50.Bxd4 exd4 51.a6 1/2-1/2

[Event "59th NED-ch"]
[Site "Leeuwarden NED"]
[Date "2003.06.26"]
[Round "1"]
[White "Tiviakov, Sergei"]
[Black "Janssen, Ruud"]
[Result "1-0"]
[WhiteElo "2599"]
[BlackElo "2207"]
[EventDate "2003.06.26"]
[PlyCount "129"]

1.e4 c5 2.Nc3 d6 3.f4 g6 4.Nf3 Bg7 5.Bb5+ Bd7 6.a4 Nc6 7.O-O e6 8.Bxc6 
Bxc6 9.d4 Ne7 10.Be3 b6 11.Bf2 O-O 12.Bh4 Qd7 13.Re1 Rfe8 14.Qd3 Rac8 15.
a5 c4 16.Qe3 b5 17.Bxe7 Rxe7 18.e5 b4 19.Ne4 Bxe4 20.Qxe4 Qc6 21.Qxc6 Rxc6
22.exd6 Rxd6 23.c3 Rb7 24.Ra4 Rd8 25.Kf2 Rc8 26.Re2 Bf8 27.Ke3 Bd6 28.g3 
Kf8 29.Nd2 Ke7 30.Re1 a6 31.Rc1 h6 32.cxb4 Rxb4 33.Rxb4 Bxb4 34.Nxc4 Bxa5 
35.Kd3 Bd8 36.Re1 Rc6 37.d5 Rc5 38.dxe6 fxe6 39.Ne5 Rd5+ 40.Kc4 g5 41.f5 
Rd6 42.Nd3 Bb6 43.Nb4 Kf7 44.fxe6+ Rxe6 45.Rxe6 Kxe6 46.Nxa6 Bg1 47.h3 h5 
48.b4 g4 49.hxg4 hxg4 50.Nc5+ Kd6 51.Kd3 Bh2 52.Kd4 Kc6 53.Ne4 Kb5 54.Kc3 
Bg1 55.Kb3 Bh2 56.Nc3+ Kc6 57.Ne2 Kb5 58.Kc3 Kb6 59.Kc4 Kc6 60.b5+ Kb6 61.
Kb4 Kb7 62.Ka5 Ka7 63.b6+ Kb7 64.Kb5 Kb8 65.Ka6 1-0

[Event "59th NED-ch"]
[Site "Leeuwarden NED"]
[Date "2003.06.26"]
[Round "1"]
[White "Van den Doel, Erik"]
[Black "Nijboer, Friso"]
[Result "1/2-1/2"]
[WhiteElo "2583"]
[BlackElo "2565"]
[EventDate "2003.06.26"]
[PlyCount "122"]

1.e4 e5 2.Nf3 Nf6 3.Nxe5 d6 4.Nf3 Nxe4 5.d4 d5 6.Bd3 Nc6 7.O-O Be7 8.c4 
Nb4 9.Be2 O-O 10.a3 Nc6 11.cxd5 Qxd5 12.Nc3 Nxc3 13.bxc3 Bf5 14.Re1 Rfe8 
15.Bf4 Rac8 16.Bd3 Bg6 17.c4 Qd8 18.Bxg6 hxg6 19.d5 Na5 20.Qd3 b6 21.Nd4 
Bf6 22.Rad1 Bxd4 23.Qxd4 Qd7 24.c5 Nb3 25.c6 Qxc6 26.Qxg7+ Kxg7 27.dxc6 
Rxe1+ 28.Rxe1 Na5 29.Rc1 Re8 30.h4 Re6 31.Bxc7 Rxc6 32.Be5+ f6 33.Rxc6 
Nxc6 34.Bb2 Kf7 35.Kf1 b5 36.Ke2 Ke6 37.g4 a5 38.f4 f5 39.h5 gxh5 40.gxh5 
Kf7 41.Kf3 Kg8 42.Kg3 Kh7 43.Kh4 Kh6 44.Be5 Nd8 45.Bc3 a4 46.Bb4 Nc6 47.
Bc3 Nd8 48.Bb4 Ne6 49.Bd6 Nd4 50.Bf8+ Kh7 51.Bc5 Nc6 52.Be3 Kh6 53.Bd2 Nd4
54.Bb4 Nf3+ 55.Kg3 Nd4 56.Kh4 Ne6 57.Bd6 Kg7 58.Be5+ Kh7 59.Bd6 Kh6 60.Bb4
Kg7 61.Bd6 Kh6 1/2-1/2

[Event "59th NED-ch"]
[Site "Leeuwarden NED"]
[Date "2003.06.27"]
[Round "2"]
[White "l`Ami, Erwin"]
[Black "Ernst, Sipke"]
[Result "1/2-1/2"]
[WhiteElo "2344"]
[BlackElo "2099"]
[EventDate "2003.06.26"]
[PlyCount "62"]

1.e4 e5 2.Nf3 Nc6 3.Bb5 a6 4.Ba4 Nf6 5.O-O Nxe4 6.d4 b5 7.Bb3 d5 8.dxe5 
Be6 9.Nbd2 Be7 10.c3 O-O 11.Bc2 f5 12.Nb3 Qd7 13.Nbd4 Nxd4 14.Nxd4 c5 15.
Nxe6 Qxe6 16.f3 Ng5 17.h4 Nf7 18.f4 Nh6 19.g3 Rab8 20.Qf3 Ng4 21.Rd1 Rfd8 
22.Kg2 Kh8 23.Be3 b4 24.Rd2 bxc3 25.bxc3 d4 26.cxd4 cxd4 27.Bg1 Rb2 28.
Rad1 Qxa2 29.Qe2 Qd5+ 30.Qf3 Qa2 31.Qe2 Qd5+ 1/2-1/2

[Event "59th NED-ch"]
[Site "Leeuwarden NED"]
[Date "2003.06.27"]
[Round "2"]
[White "Stellwagen, Daniel"]
[Black "Janssen, Ruud"]
[Result "1-0"]
[WhiteElo "2384"]
[BlackElo "2207"]
[EventDate "2003.06.26"]
[PlyCount "49"]

1.e4 c5 2.Nf3 d6 3.d4 cxd4 4.Nxd4 Nf6 5.Nc3 a6 6.Bc4 e6 7.Bb3 b5 8.O-O Be7
9.Qf3 Qc7 10.Qg3 O-O 11.Bh6 Ne8 12.Rad1 Bd7 13.f4 Nc6 14.Nxc6 Qxc6 15.f5 
Kh8 16.fxe6 fxe6 17.Rxf8+ Bxf8 18.Bg5 Nf6 19.Bxf6 gxf6 20.Nd5 Bg7 21.Nf4 
Qxe4 22.Rxd6 Bh6 23.Rxd7 Rg8 24.Nxe6 Be3+ 25.Kf1 1-0

[Event "59th NED-ch"]
[Site "Leeuwarden NED"]
[Date "2003.06.27"]
[Round "2"]
[White "Van Wely, Loek"]
[Black "Van den Doel, Erik"]
[Result "1-0"]
[WhiteElo "2714"]
[BlackElo "2583"]
[EventDate "2003.06.26"]
[PlyCount "95"]

1.d4 d5 2.c4 dxc4 3.Nf3 e6 4.e3 c5 5.Bxc4 a6 6.O-O Nf6 7.dxc5 Bxc5 8.Qxd8+
Kxd8 9.Ne5 Ke7 10.Be2 Nbd7 11.Nc4 b5 12.Na5 Ne5 13.Bd2 Ne4 14.Rc1 Bd6 15.
Be1 Bd7 16.f4 Rac8 17.Rxc8 Rxc8 18.fxe5 Bxe5 19.Bb4+ Ke8 20.Nc3 Nxc3 21.
bxc3 Bxc3 22.Bxc3 Rxc3 23.Kf2 Rc2 24.Ke1 e5 25.Kd1 Rc3 26.Kd2 Ra3 27.Nb3 
a5 28.Nc1 b4 29.Bc4 Ke7 30.Nd3 Be6 31.Nxe5 b3 32.Kc3 Rxa2 33.Rxa2 bxa2 34.
Kb2 Kf6 35.Bxe6 Kxe6 36.Nf3 Kd5 37.Nd2 g5 38.Kxa2 f5 39.Kb3 f4 40.e4+ Ke6 
41.Kc3 g4 42.Kd4 h5 43.e5 h4 44.h3 a4 45.hxg4 a3 46.Kc3 Kxe5 47.Nf3+ Ke4 
48.Nxh4 1-0

[Event "59th NED-ch"]
[Site "Leeuwarden NED"]
[Date "2003.06.27"]
[Round "2"]
[White "Van der Wiel, John"]
[Black "Delemarre, Jop"]
[Result "1/2-1/2"]
[WhiteElo "2495"]
[BlackElo "2426"]
[EventDate "2003.06.26"]
[PlyCount "31"]

1.e4 e6 2.d4 d5 3.Nd2 c5 4.Ngf3 cxd4 5.Nxd4 e5 6.N4f3 dxe4 7.Nxe5 Qd5 8.f4
exf3 9.Nexf3 Qe6+ 10.Be2 Nf6 11.Nd4 Qd5 12.Nb5 Na6 13.O-O Bc5+ 14.Kh1 O-O 
15.Nc3 Qd4 16.Nb3 1/2-1/2

[Event "59th NED-ch"]
[Site "Leeuwarden NED"]
[Date "2003.06.28"]
[Round "3"]
[White "Delemarre, Jop"]
[Black "Stellwagen, Daniel"]
[Result "0-1"]
[WhiteElo "2426"]
[BlackElo "2384"]
[EventDate "2003.06.26"]
[PlyCount "80"]

1.d4 Nf6 2.c4 c5 3.d5 e6 4.Nc3 exd5 5.cxd5 d6 6.Nf3 g6 7.g3 Bg7 8.Bg2 O-O 
9.O-O Re8 10.Nd2 a6 11.a4 Nbd7 12.Nc4 Ne5 13.Na3 Nh5 14.h3 f5 15.Rb1 Bd7 
16.Bd2 g5 17.e4 g4 18.Nc2 fxe4 19.Bxe4 Rf8 20.Kh1 Qe8 21.Ne3 Nf6 22.Bc2 
Nf3 23.h4 Qe5 24.Ng2 Nh5 25.Ne4 Qxd5 26.Bc3 Qxd1 27.Rfxd1 Bd4 28.Nxd6 Bc6 
29.Nf5 Rxf5 30.Bxf5 Bxf2 31.Be6+ Kf8 32.Nf4 Nxf4 33.gxf4 Nd4+ 34.Kh2 g3+ 
35.Kh3 Nxe6 36.Rd6 Ke7 37.Rxc6 bxc6 38.Be5 Rf8 39.Rd1 Nxf4+ 40.Kg4 Nd5 0-1

[Event "59th NED-ch"]
[Site "Leeuwarden NED"]
[Date "2003.06.28"]
[Round "3"]
[White "Ernst, Sipke"]
[Black "Van der Wiel, John"]
[Result "1/2-1/2"]
[WhiteElo "2099"]
[BlackElo "2495"]
[EventDate "2003.06.26"]
[PlyCount "74"]

1.d4 Nf6 2.c4 e6 3.Nc3 Bb4 4.Qc2 O-O 5.a3 Bxc3+ 6.Qxc3 d6 7.Nf3 b6 8.g3 
Bb7 9.Bg2 Nbd7 10.O-O Qe7 11.b4 Be4 12.Re1 a5 13.Bb2 axb4 14.axb4 b5 15.d5
Rxa1 16.Bxa1 Nb6 17.dxe6 Nxc4 18.exf7+ Rxf7 19.Ng5 Nd5 20.Qd4 Qxg5 21.Qxe4
Ndb6 22.Bh3 Qe7 23.Qb7 Qe8 24.Qg2 c6 25.Bg4 Nd5 26.Bh5 g6 27.Bf3 Nxb4 28.
Bc3 Ne3 29.Qh3 Ned5 30.Bd2 Nc2 31.Bxd5 cxd5 32.Rc1 Qxe2 33.Qc8+ Rf8 34.
Qxc2 Qxf2+ 35.Kh1 Qf3+ 36.Kg1 Qf2+ 37.Kh1 Qf3+ 1/2-1/2

[Event "59th NED-ch"]
[Site "Leeuwarden NED"]
[Date "2003.06.28"]
[Round "3"]
[White "Janssen, Ruud"]
[Black "Nijboer, Friso"]
[Result "1-0"]
[WhiteElo "2207"]
[BlackElo "2565"]
[EventDate "2003.06.26"]
[PlyCount "61"]

1.d4 Nf6 2.c4 g6 3.Nc3 Bg7 4.e4 d6 5.h3 O-O 6.Bg5 Na6 7.Bd3 e5 8.d5 c6 9.
Nge2 cxd5 10.cxd5 Nc5 11.Bc2 a5 12.Qd2 Bd7 13.f3 b5 14.Nd1 Qb6 15.Nf2 Nh5 
16.g4 Nf4 17.Nxf4 exf4 18.Rb1 Na4 19.Bxa4 bxa4 20.O-O Bb5 21.Rfc1 f5 22.
exf5 gxf5 23.b4 fxg4 24.bxa5 Rxa5 25.hxg4 Qe3 26.Qxa5 Bd4 27.Qe1 Qxf3 28.
Qe6+ Kh8 29.Bh4 Ba6 30.Rb4 Qa3 31.Rxd4 1-0

[Event "59th NED-ch"]
[Site "Leeuwarden NED"]
[Date "2003.06.28"]
[Round "3"]
[White "Tiviakov, Sergei"]
[Black "Van Wely, Loek"]
[Result "1/2-1/2"]
[WhiteElo "2599"]
[BlackElo "2714"]
[EventDate "2003.06.26"]
[PlyCount "156"]

1.e4 c5 2.Nf3 Nc6 3.d4 cxd4 4.Nxd4 Nf6 5.Nc3 e5 6.Ndb5 d6 7.Bg5 a6 8.Na3 
b5 9.Nd5 Be7 10.Bxf6 Bxf6 11.c3 Bg5 12.Nc2 O-O 13.Be2 Ne7 14.Ncb4 a5 15.
Nxe7+ Qxe7 16.Nd5 Qb7 17.Qd3 Rb8 18.O-O Be6 19.Rfd1 Rfc8 20.Qg3 h6 21.b3 
Rc5 22.c4 Bxd5 23.Rxd5 Rxd5 24.cxd5 Rc8 25.Qd3 Rc5 26.g3 Bc1 27.a4 b4 28.
Qd1 Bb2 29.Rb1 Bd4 30.Bc4 g6 31.Kg2 Qc8 32.Qe2 h5 33.Rc1 Qd8 34.Rc2 Kg7 
35.Qf3 Qg5 36.Qe2 h4 37.Qf3 Rc8 38.g4 Rc7 39.h3 Rc8 40.Kf1 Rc5 41.Kg2 Rc7 
42.Kf1 Qf6 43.Qxf6+ Kxf6 44.Ke2 Kg5 45.Kf3 Rc5 46.Rc1 Bc3 47.Bd3 f6 48.Bc4
Bb2 49.Rc2 Bd4 50.Rc1 Bc3 51.Bd3 Rc7 52.Rc2 Rf7 53.Rc1 Rf8 54.Rc2 Kh6 55.
Rc1 Kg7 56.Ke2 Kf7 57.Bb1 Ke7 58.Rd1 Kd8 59.Rd3 Ke7 60.Rd1 Rc8 61.Rc1 Kd7 
62.Bd3 Rf8 63.Rg1 Kd8 64.Rg2 Rf7 65.Rg1 Kc7 66.Bb1 Kb6 67.Rd1 Rc7 68.Rc1 
Rc8 69.Kf3 Rf8 70.Ke2 Kc5 71.Rd1 Bb2 72.Kf3 Kb6 73.Rd2 Bd4 74.Rc2 Bc3 75.
Rc1 Rc8 76.Ke2 Rc5 77.Bd3 Bb2 78.Rxc5 Kxc5 1/2-1/2

[Event "59th NED-ch"]
[Site "Leeuwarden NED"]
[Date "2003.06.28"]
[Round "3"]
[White "Van den Doel, Erik"]
[Black "l`Ami, Erwin"]
[Result "1-0"]
[WhiteElo "2583"]
[BlackElo "2344"]
[EventDate "2003.06.26"]
[PlyCount "81"]

1.e4 e6 2.d4 d5 3.Nc3 Bb4 4.e5 c5 5.a3 Bxc3+ 6.bxc3 Ne7 7.Qg4 O-O 8.Bd3 
Nbc6 9.Qh5 Ng6 10.Nf3 Qc7 11.Be3 Nce7 12.h4 Bd7 13.Qg4 f5 14.Qh3 cxd4 15.
cxd4 Bb5 16.Bxb5 Qa5+ 17.Bd2 Qxb5 18.h5 Nh8 19.h6 g6 20.Ng5 Qd7 21.Qh4 Nc6
22.Rb1 Nf7 23.Nh3 b6 24.c3 Qe7 25.Qxe7 Nxe7 26.Bg5 Nc6 27.Bf6 Nfd8 28.f3 
Nb7 29.Ke2 Rac8 30.Ng5 Rfe8 31.g4 Rc7 32.Kd3 Ncd8 33.Nh3 Rd7 34.Nf4 Kf7 
35.Nh3 Na5 36.a4 Nc4 37.Nf4 Na5 38.Rb5 Rg8 39.Rg1 Nab7 40.gxf5 gxf5 41.
Rg7+ 1-0

[Event "59th NED-ch"]
[Site "Leeuwarden NED"]
[Date "2003.06.29"]
[Round "4"]
[White "Delemarre, Jop"]
[Black "Ernst, Sipke"]
[Result "1-0"]
[WhiteElo "2426"]
[BlackElo "2099"]
[EventDate "2003.06.26"]
[PlyCount "69"]

1.d4 Nf6 2.c4 g6 3.Nc3 d5 4.Nf3 Bg7 5.Bg5 Ne4 6.cxd5 Nxg5 7.Nxg5 e6 8.Qd2 
exd5 9.Qe3+ Kf8 10.Qf4 Bf6 11.h4 h6 12.Nxd5 Bxg5 13.Qe5 Rh7 14.hxg5 Nc6 
15.Qe4 Bf5 16.Qf3 Nxd4 17.Qa3+ Kg7 18.Ne3 Qxg5 19.Qc3 Qf6 20.O-O-O Nb5 21.
Nxf5+ gxf5 22.Qg3+ Kh8 23.e4 Nd4 24.e5 Qb6 25.Bc4 Rg8 26.Qh4 c5 27.e6 fxe6
28.Qf6+ Rgg7 29.Qf8+ Rg8 30.Qf6+ Rgg7 31.Rxd4 cxd4 32.Bxe6 Qc6+ 33.Kb1 
Qe4+ 34.Ka1 Qxg2 35.Rc1 1-0

[Event "59th NED-ch"]
[Site "Leeuwarden NED"]
[Date "2003.06.29"]
[Round "4"]
[White "l`Ami, Erwin"]
[Black "Tiviakov, Sergei"]
[Result "1/2-1/2"]
[WhiteElo "2344"]
[BlackElo "2599"]
[EventDate "2003.06.26"]
[PlyCount "47"]

1.e4 c5 2.Nf3 Nc6 3.d4 cxd4 4.Nxd4 e5 5.Nb5 d6 6.c4 Be7 7.Bd3 a6 8.N5c3 
Bg5 9.Nd2 Nf6 10.O-O Bg4 11.Be2 Be6 12.b3 Nd4 13.Bb2 O-O 14.Nf3 Nxf3+ 15.
Bxf3 Qb6 16.Qd3 Rfd8 17.Rab1 Qb4 18.Rfd1 Rab8 19.a3 Qc5 20.a4 Qb4 21.Qc2 
Qc5 22.Qd3 Qb4 23.Qc2 Qc5 24.Qd3 1/2-1/2

[Event "59th NED-ch"]
[Site "Leeuwarden NED"]
[Date "2003.06.29"]
[Round "4"]
[White "Van Wely, Loek"]
[Black "Janssen, Ruud"]
[Result "1-0"]
[WhiteElo "2714"]
[BlackElo "2207"]
[EventDate "2003.06.26"]
[PlyCount "72"]

1.d4 e6 2.e4 d5 3.e5 c5 4.c3 Bd7 5.Nf3 Qb6 6.Be2 cxd4 7.cxd4 Bb5 8.Nc3 
Bxe2 9.Nxe2 Nc6 10.h4 a5 11.h5 h6 12.Kf1 a4 13.g3 a3 14.b3 Nge7 15.Kg2 Nc8
16.g4 N8a7 17.Be3 Nb5 18.Rh3 Rc8 19.Ne1 Nb4 20.f4 Nc3 21.Nxc3 Rxc3 22.f5 
Be7 23.Qd2 Qc7 24.Bf4 Rc6 25.f6 gxf6 26.exf6 Bd6 27.Bxd6 Qxd6 28.Rc3 Kd7 
29.Nf3 Rxc3 30.Qxc3 Nc6 31.Qe3 Kc7 32.Kh3 Kb8 33.Rc1 Ka7 34.Ne5 Nxe5 35.
dxe5+ Qb6 36.Rc5 Qb4 1-0

[Event "59th NED-ch"]
[Site "Leeuwarden NED"]
[Date "2003.06.29"]
[Round "4"]
[White "Van der Wiel, John"]
[Black "Van den Doel, Erik"]
[Result "1/2-1/2"]
[WhiteElo "2495"]
[BlackElo "2583"]
[EventDate "2003.06.26"]
[PlyCount "60"]

1.e4 e5 2.Nf3 Nc6 3.d4 exd4 4.Nxd4 Nf6 5.Nxc6 bxc6 6.e5 Qe7 7.Qe2 Nd5 8.c4
Nb6 9.Nc3 Qe6 10.Bd2 Ba6 11.b3 Bc5 12.Qe4 O-O-O 13.Be2 Rde8 14.f4 f6 15.a4
d6 16.Bf3 d5 17.cxd5 cxd5 18.Nxd5 Qxd5 19.Qxd5 Nxd5 20.Bxd5 fxe5 21.f5 Rd8
22.Be6+ Kb8 23.Rc1 Bb6 24.a5 Bd4 25.Bg5 Rde8 26.Kd2 Bb7 27.Be3 Rd8 28.Bxd4
Rxd4+ 29.Kc3 Rhd8 30.Rhe1 Bxg2 1/2-1/2

[Event "59th NED-ch"]
[Site "Leeuwarden NED"]
[Date "2003.07.01"]
[Round "5"]
[White "Tiviakov, Sergei"]
[Black "Van der Wiel, John"]
[Result "1/2-1/2"]
[WhiteElo "2599"]
[BlackElo "2495"]
[EventDate "2003.06.26"]
[PlyCount "66"]

1.e4 c5 2.c3 d5 3.exd5 Qxd5 4.d4 Nf6 5.Nf3 Bg4 6.dxc5 Qxc5 7.Na3 Nbd7 8.
Be2 e6 9.Qa4 a6 10.O-O Be7 11.h3 Bh5 12.Be3 Qc8 13.c4 O-O 14.Rfe1 Nc5 15.
Qa5 Nfe4 16.Red1 Rd8 17.b4 b6 18.Qxb6 Na4 19.Qa5 Nac3 20.Qxh5 Nxe2+ 21.Kh2
Bxb4 22.Nc2 Bc3 23.Rxd8+ Qxd8 24.Rb1 Qc7+ 25.g3 g6 26.Qh4 f5 27.Nfd4 Nxd4 
28.Nxd4 Qd7 29.Ne2 Bf6 30.Qf4 e5 31.Qf3 Qd3 32.Rb3 Qxc4 33.Nc3 Rf8 1/2-1/2

[Event "59th NED-ch"]
[Site "Leeuwarden NED"]
[Date "2003.07.01"]
[Round "5"]
[White "Van den Doel, Erik"]
[Black "Delemarre, Jop"]
[Result "0-1"]
[WhiteElo "2583"]
[BlackElo "2426"]
[EventDate "2003.06.26"]
[PlyCount "134"]

1.e4 e6 2.d4 d5 3.Nc3 Bb4 4.e5 c5 5.a3 Bxc3+ 6.bxc3 Ne7 7.Qg4 O-O 8.Bd3 f5
9.exf6 Rxf6 10.Bg5 Rf7 11.Qh5 g6 12.Qd1 Nbc6 13.Nf3 Qf8 14.O-O c4 15.Be2 
h6 16.Bc1 Kh7 17.a4 Bd7 18.Ba3 Qb8 19.Qd2 Nf5 20.Rfe1 Qc7 21.Bf1 g5 22.Ne5
Nxe5 23.Rxe5 Nd6 24.Qe3 Rf6 25.Qe1 Raf8 26.f3 Rg8 27.Qb1 Nf7 28.Re3 g4 29.
fxg4 Rxg4 30.Be2 Rg7 31.Qb4 Rfg6 32.g3 Qf4 33.Rf3 Qe4 34.Re1 Ng5 35.Qf8 
Rg8 36.Qe7+ R8g7 37.Qf8 Rg8 38.Qe7+ R6g7 39.Qf6 Rf7 40.Qxf7+ Nxf7 41.Rxf7+
Rg7 42.Rf2 Qxc2 43.Bb4 Qd2 44.Ref1 Qe3 45.Bd1 Rf7 46.Kg2 Rxf2+ 47.Rxf2 Be8
48.Bc2+ Kg7 49.g4 Qg5 50.Kg3 Bg6 51.Bxg6 Qe3+ 52.Kg2 Kxg6 53.Rf8 Qe4+ 54.
Kg3 Qd3+ 55.Kh4 Qe2 56.Kg3 Qe1+ 57.Kg2 Qd1 58.h3 Qxa4 59.Kg3 Qd7 60.h4 
Qc7+ 61.Kf3 a5 62.Ba3 Qh2 63.h5+ Kg7 64.Rd8 Qh1+ 65.Kg3 Qe1+ 66.Kf4 Qf2+ 
67.Ke5 Qf6+ 0-1

[Event "59th NED-ch"]
[Site "Leeuwarden NED"]
[Date "2003.07.02"]
[Round "6"]
[White "Delemarre, Jop"]
[Black "Tiviakov, Sergei"]
[Result "1/2-1/2"]
[WhiteElo "2426"]
[BlackElo "2599"]
[EventDate "2003.06.26"]
[PlyCount "88"]

1.d4 Nf6 2.c4 e6 3.Nc3 Bb4 4.Qc2 c5 5.dxc5 Bxc5 6.Nf3 Qb6 7.e3 Qc7 8.b3 b6
9.Bb2 a6 10.Bd3 Bb7 11.Ne4 Be7 12.Nxf6+ Bxf6 13.Bxf6 gxf6 14.Be4 Nc6 15.
Qc3 Ke7 16.O-O-O b5 17.Nd4 Nxd4 18.Rxd4 Bxe4 19.Rxe4 Rhg8 20.g3 Qc6 21.f3 
Rg5 22.Rd1 bxc4 23.Rxc4 Qxf3 24.Rf4 Qc6 25.Qxc6 dxc6 26.Rdf1 Rc5+ 27.Kb1 
f5 28.e4 Rd8 29.exf5 e5 30.Ra4 a5 31.Rc1 Rdd5 32.Rac4 Rxc4 33.Rxc4 Kd6 34.
Rh4 Rd2 35.Rxh7 e4 36.Rxf7 e3 37.Rf6+ Kd5 38.Kc1 Rxa2 39.Re6 e2 40.Re8 Kd4
41.f6 Ra1+ 42.Kd2 e1=Q+ 43.Rxe1 Ra2+ 44.Kc1 Ra1+ 1/2-1/2

[Event "59th NED-ch"]
[Site "Leeuwarden NED"]
[Date "2003.07.02"]
[Round "6"]
[White "l`Ami, Erwin"]
[Black "Nijboer, Friso"]
[Result "1/2-1/2"]
[WhiteElo "2344"]
[BlackElo "2565"]
[EventDate "2003.06.26"]
[PlyCount "88"]

1.e4 c5 2.Nf3 Nc6 3.d4 cxd4 4.Nxd4 Nf6 5.Nc3 d6 6.Bg5 e6 7.Qd2 Be7 8.O-O-O
O-O 9.f4 Nxd4 10.Qxd4 Qa5 11.Bc4 Bd7 12.Bxf6 Bxf6 13.e5 Be7 14.exd6 Bf6 
15.Qd3 Bxc3 16.Qxc3 Qxc3 17.bxc3 Rfc8 18.Bb3 Rxc3 19.f5 Re3 20.Rhe1 Rxe1 
21.Rxe1 Re8 22.fxe6 Bxe6 23.Bxe6 fxe6 24.c4 Kf7 25.Rf1+ Kg6 26.Kb2 Rd8 27.
c5 Rc8 28.Rd1 e5 29.Kb3 Kf6 30.Kb4 Ke6 31.c6 bxc6 32.Kc5 Rb8 33.a4 h5 34.
h4 Rf8 35.a5 e4 36.Kxc6 Rc8+ 37.Kb7 Kd7 38.Kxa7 e3 39.Kb6 e2 40.Re1 Rc2 
41.a6 Kxd6 42.a7 Rb2+ 43.Ka6 Ra2+ 44.Kb7 Ke5 1/2-1/2

[Event "59th NED-ch"]
[Site "Leeuwarden NED"]
[Date "2003.07.02"]
[Round "6"]
[White "Stellwagen, Daniel"]
[Black "Van Wely, Loek"]
[Result "1/2-1/2"]
[WhiteElo "2384"]
[BlackElo "2714"]
[EventDate "2003.06.26"]
[PlyCount "68"]

1.e4 c5 2.Nf3 Nc6 3.d4 cxd4 4.Nxd4 Nf6 5.Nc3 e5 6.Ndb5 d6 7.Nd5 Nxd5 8.
exd5 Nb8 9.c4 Be7 10.Bd3 O-O 11.O-O Nd7 12.Kh1 f5 13.f3 Nc5 14.Be3 Nxd3 
15.Qxd3 b6 16.b4 f4 17.Bg1 Bf5 18.Qe2 a6 19.Nc3 Rf6 20.Ne4 Rh6 21.c5 bxc5 
22.bxc5 dxc5 23.Rfd1 Rc8 24.Rac1 Bxe4 25.Qxe4 Qc7 26.Re1 Bd6 27.Re2 Rf6 
28.Rec2 Qb6 29.h3 Rf7 30.Kh2 g6 31.Rc3 Rb7 32.Rb3 Qc7 33.Bxc5 Rxb3 34.axb3
Bxc5 1/2-1/2

[Event "59th NED-ch"]
[Site "Leeuwarden NED"]
[Date "2003.07.02"]
[Round "6"]
[White "Van der Wiel, John"]
[Black "Janssen, Ruud"]
[Result "1/2-1/2"]
[WhiteElo "2495"]
[BlackElo "2207"]
[EventDate "2003.06.26"]
[PlyCount "64"]

1.e4 c5 2.Nf3 d6 3.d4 cxd4 4.Nxd4 Nf6 5.Nc3 a6 6.a4 g6 7.Be2 Bg7 8.O-O O-O
9.f4 Nc6 10.Be3 Bd7 11.Nb3 b5 12.axb5 axb5 13.Rxa8 Qxa8 14.Bf3 b4 15.Nd5 
Nxd5 16.exd5 Na5 17.Bd4 Nxb3 18.cxb3 Qa5 19.Re1 Re8 20.Bxg7 Kxg7 21.Qd4+ 
f6 22.h3 Kf7 23.Kh2 Bf5 24.Be4 Qc5 25.Qd2 Bxe4 26.Rxe4 Rb8 27.f5 gxf5 28.
Rh4 Rh8 29.Rc4 Qb5 30.Rf4 e6 31.dxe6+ Kxe6 32.Rxb4 Qe5+ 1/2-1/2

[Event "59th NED-ch"]
[Site "Leeuwarden NED"]
[Date "2003.07.03"]
[Round "7"]
[White "Tiviakov, Sergei"]
[Black "Ernst, Sipke"]
[Result "1/2-1/2"]
[WhiteElo "2599"]
[BlackElo "2099"]
[EventDate "2003.06.26"]
[PlyCount "144"]

1.e4 e5 2.Bc4 Nf6 3.d3 Nc6 4.Nf3 Be7 5.O-O O-O 6.Bb3 d5 7.exd5 Nxd5 8.h3 
Re8 9.Re1 Bf6 10.Nbd2 Be6 11.Ne4 Rb8 12.Nfg5 Bxg5 13.Nxg5 h6 14.Nxe6 Rxe6 
15.Qf3 Rd6 16.Be3 b6 17.c3 Qd7 18.Rad1 Rd8 19.Bc1 a6 20.Bc2 Nf6 21.d4 Re8 
22.dxe5 Nxe5 23.Qg3 Kf8 24.Rf1 Nd5 25.Rde1 Ng6 26.h4 Rf6 27.Rxe8+ Qxe8 28.
f4 Qe2 29.Bd3 Qe7 30.f5 Ne5 31.Be4 Nc4 32.Qd3 Qc5+ 33.Kh1 Rd6 34.b4 Qc6 
35.Qg3 Qd7 36.Bxd5 Rxd5 37.f6 g5 38.hxg5 Rd1 39.Qf3 Rxf1+ 40.Qxf1 hxg5 41.
Qxc4 Qd1+ 42.Kh2 Qxc1 43.Qxc7 Kg8 44.c4 Qc2 45.Qg3 Qh7+ 46.Qh3 Qe4 47.Qc3 
Qh7+ 48.Kg3 Qh4+ 49.Kf3 Qf4+ 50.Ke2 Qe4+ 51.Kf2 Qf5+ 52.Qf3 Qc2+ 53.Qe2 
Qf5+ 54.Qf3 Qc2+ 55.Kg3 Qxc4 56.Qf5 Qxa2 57.Qxg5+ Kf8 58.Qe5 Kg8 59.Kh2 
Qb3 60.Qg5+ Kf8 61.Qf4 Ke8 62.Qb8+ Kd7 63.Qxb6 Qd3 64.g4 Qe2+ 65.Kh3 Qf1+ 
66.Kh4 Qe1+ 67.Kh5 Qh1+ 68.Kg5 Qc1+ 69.Kf5 Qc2+ 70.Ke5 Qh2+ 71.Kf5 Qc2+ 
72.Kf4 Qh2+ 1/2-1/2

[Event "59th NED-ch"]
[Site "Leeuwarden NED"]
[Date "2003.07.04"]
[Round "8"]
[White "Delemarre, Jop"]
[Black "Nijboer, Friso"]
[Result "0-1"]
[WhiteElo "2426"]
[BlackElo "2565"]
[EventDate "2003.06.26"]
[PlyCount "68"]

1.d4 d6 2.Nf3 Nf6 3.Bg5 Nbd7 4.Nbd2 h6 5.Bh4 g5 6.Bg3 Nh5 7.e4 Bg7 8.c3 c5
9.Nc4 cxd4 10.Nxd4 Nxg3 11.hxg3 Nc5 12.Ne3 Nxe4 13.Ndf5 Bxf5 14.Nxf5 Kf8 
15.Nxg7 Kxg7 16.Qd5 Nf6 17.Qxb7 Rb8 18.Qxa7 Rxb2 19.Bd3 Qc8 20.O-O Qxc3 
21.Rad1 e6 22.a4 Rc8 23.a5 Rc7 24.Qa8 d5 25.a6 Nd7 26.Rb1 Rxb1 27.Bxb1 Qa3
28.Rd1 Rc1 29.Rxc1 Qxc1+ 30.Kh2 Qxb1 31.Qc8 Ne5 32.Qc3 f6 33.Qc7+ Kg6 34.
f3 Nxf3+ 0-1

[Event "59th NED-ch"]
[Site "Leeuwarden NED"]
[Date "2003.07.04"]
[Round "8"]
[White "Ernst, Sipke"]
[Black "Janssen, Ruud"]
[Result "0-1"]
[WhiteElo "2099"]
[BlackElo "2207"]
[EventDate "2003.06.26"]
[PlyCount "69"]

1.d4 Nf6 2.c4 e6 3.Nc3 Bb4 4.e3 O-O 5.Bd3 d5 6.Ne2 dxc4 7.Bxc4 b6 8.a3 Be7
9.O-O Bb7 10.Qc2 Nbd7 11.Rd1 c5 12.dxc5 Qc7 13.b4 bxc5 14.b5 Ne5 15.Ba2 c4
16.Rd4 Rfd8 17.Ng3 Rxd4 18.exd4 Nd3 19.Bg5 h6 20.Bxf6 Bxf6 21.Nce2 Rc8 22.
Qc3 Qd6 23.Rb1 Qd5 24.f3 Qg5 25.h3 Bd5 26.Rd1 Qe3+ 27.Kh2 e5 28.Qa5 exd4 
29.b6 Rc5 30.Qxa7 Be5 31.b7 Bxb7 32.Rxd3 cxd3 33.Qxb7 Rc7 34.Qb8+ Kh7 35.
Ng1 0-1

[Event "59th NED-ch"]
[Site "Leeuwarden NED"]
[Date "2003.07.04"]
[Round "8"]
[White "Stellwagen, Daniel"]
[Black "l`Ami, Erwin"]
[Result "1/2-1/2"]
[WhiteElo "2384"]
[BlackElo "2344"]
[EventDate "2003.06.26"]
[PlyCount "51"]

1.e4 e6 2.d4 d5 3.Nd2 c5 4.Ngf3 cxd4 5.exd5 Qxd5 6.Bc4 Qd6 7.O-O Nf6 8.Re1
Nc6 9.Ne4 Nxe4 10.Rxe4 Be7 11.Nxd4 O-O 12.Bf4 Qc5 13.Nxc6 Qxc6 14.Bd3 Bf6 
15.Re3 Rd8 16.Qh5 g6 17.Qh6 Bg7 18.Qh4 Qe8 19.Rae1 Rd4 20.c3 Qd8 21.Qg3 
Rd5 22.h4 a5 23.Be4 Rd7 24.h5 a4 25.hxg6 hxg6 26.Be5 1/2-1/2

[Event "59th NED-ch"]
[Site "Leeuwarden NED"]
[Date "2003.07.05"]
[Round "9"]
[White "Janssen, Ruud"]
[Black "Van den Doel, Erik"]
[Result "1/2-1/2"]
[WhiteElo "2207"]
[BlackElo "2583"]
[EventDate "2003.06.26"]
[PlyCount "123"]

1.d4 d5 2.c4 dxc4 3.Nf3 e6 4.e3 Nf6 5.Bxc4 a6 6.O-O Nbd7 7.a4 b6 8.Nc3 Bb7
9.Re1 c5 10.d5 exd5 11.Nxd5 Bxd5 12.Bxd5 Nxd5 13.Qxd5 Be7 14.e4 O-O 15.e5 
Re8 16.e6 fxe6 17.Qxe6+ Kh8 18.Bf4 Bf6 19.Qb3 h6 20.Rxe8+ Qxe8 21.Re1 Qg8 
22.Qd3 Qf7 23.Rd1 Bxb2 24.Bc7 Rc8 25.Bg3 c4 26.Qxd7 Qxd7 27.Rxd7 c3 28.Rc7
Rxc7 29.Bxc7 c2 30.Bf4 g5 31.Be3 Kg7 32.Kf1 Kf6 33.Ke2 c1=Q 34.Bxc1 Bxc1 
35.Kd3 Ke6 36.Kc4 Ba3 37.Ne1 Ke5 38.h3 Ke4 39.Nf3 Bc5 40.Nd2+ Kf4 41.g3+ 
Ke5 42.f3 h5 43.Ne4 Be7 44.Nf2 h4 45.Nd3+ Ke6 46.g4 Bd6 47.Kd4 b5 48.axb5 
axb5 49.Nc1 Bf8 50.Ne2 Bd6 51.Ke4 b4 52.Nd4+ Kf6 53.Kd5 Be5 54.Nb3 Bc3 55.
Nc5 Be1 56.Ne4+ Ke7 57.Kc4 Ke6 58.Nxg5+ Ke5 59.Ne4 Kf4 60.g5 Kf5 61.Kb3 
Kg6 62.Kc4 1/2-1/2